By hook or by crook : (Record no. 18664)
[ view plain ]
| 000 -LEADER | |
|---|---|
| fixed length control field | 00933cam a2200265 a 4500 |
| 001 - CONTROL NUMBER | |
| control field | byhookorbycrookh00bris |
| 003 - CONTROL NUMBER IDENTIFIER | |
| control field | CaSfIA |
| 005 - DATE AND TIME OF LATEST TRANSACTION | |
| control field | 20230525154821.0 |
| 007 - PHYSICAL DESCRIPTION FIXED FIELD--GENERAL INFORMATION | |
| fixed length control field | cr|||| |
| 008 - FIXED-LENGTH DATA ELEMENTS--GENERAL INFORMATION | |
| fixed length control field | 861209s1987 txu 000 0 eng |
| 035 ## - SYSTEM CONTROL NUMBER | |
| -- | (DLC) 86032517 |
| 010 ## - LIBRARY OF CONGRESS CONTROL NUMBER | |
| LC control number | 86032517 |
| 020 ## - INTERNATIONAL STANDARD BOOK NUMBER | |
| International Standard Book Number | 0849905613 |
| 040 ## - CATALOGING SOURCE | |
| Original cataloging agency | DLC |
| Transcribing agency | DLC |
| Modifying agency | DLC |
| -- | CaSfIA |
| 050 00 - LIBRARY OF CONGRESS CALL NUMBER | |
| Classification number | BS2515 |
| Item number | .B74 1987 |
| 082 00 - DEWEY DECIMAL CLASSIFICATION NUMBER | |
| Classification number | 225.9/24 |
| Edition number | 19 |
| 100 1# - MAIN ENTRY--PERSONAL NAME | |
| Personal name | Briscoe, Jill. |
| 245 10 - TITLE STATEMENT | |
| Title | By hook or by crook : |
| Medium | [electronic resource] |
| Remainder of title | how God shaped a fisherman into a shepherd / |
| Statement of responsibility, etc. | Jill Briscoe. |
| 260 ## - PUBLICATION, DISTRIBUTION, ETC. | |
| Place of publication, distribution, etc. | Waco, Tex. : |
| Name of publisher, distributor, etc. | Word Books, |
| Date of publication, distribution, etc. | c1987. |
| 300 ## - PHYSICAL DESCRIPTION | |
| Extent | 191 p. ; |
| Dimensions | 23 cm. |
| 600 00 - SUBJECT ADDED ENTRY--PERSONAL NAME | |
| Personal name | Peter, |
| Titles and other words associated with a name | the Apostle, Saint. |
| 650 #0 - SUBJECT ADDED ENTRY--TOPICAL TERM | |
| Topical term or geographic name entry element | Christian life. |
| 856 41 - ELECTRONIC LOCATION AND ACCESS | |
| Uniform Resource Identifier | <a href="http://www.archive.org/details/byhookorbycrookh00bris">http://www.archive.org/details/byhookorbycrookh00bris</a> |
| Public note | Free eBook from the Internet Archive |
| 856 42 - ELECTRONIC LOCATION AND ACCESS | |
| Uniform Resource Identifier | <a href="http://www.openlibrary.org/books/OL2737907M">http://www.openlibrary.org/books/OL2737907M</a> |
| Public note | Additional information and access via Open Library |
| Withdrawn status | Lost status | Damaged status | Not for loan | Collection | Home library | Current library | Date acquired | Total Checkouts | Full call number | Date last seen | Price effective from | Koha item type |
|---|---|---|---|---|---|---|---|---|---|---|---|---|
| Project Gutenberg | Main Library | Main Library | 05/25/2023 | BS2515 .B74 1987 | 05/25/2023 | 05/25/2023 | EBooks |